书目信息 |
| 题名: |
地下水非稳定流计算和地下水资源评价
|
|
| 作者: | 张蔚榛 编著 | |
| 分册: | ||
| 出版信息: | 武汉 武汉大学出版社 2013 |
|
| 页数: | 899页 | |
| 开本: | 24cm | |
| 丛书名: | 武汉大学百年名典 | |
| 单 册: | ||
| 中图分类: | P641.2 , P641.8 | |
| 科图分类: | ||
| 主题词: | 地下水均衡--计算 , 地下水资源--资源评价 , 地下水均衡 , 计算 , 资源评价 | |
| 电子资源: | ||
| ISBN: | 978-7-307-11327-5 | |
| 000 | 01115oam2 2200313 450 | |
| 001 | 006934231 | |
| 005 | 20140707105232.65 | |
| 010 | @a978-7-307-11327-5@b精装@dCNY126.00 | |
| 100 | @a20131203d2013 em y0chiy0110 ea | |
| 101 | 0 | @achi |
| 102 | @aCN@b420000 | |
| 105 | @ay z 000yy | |
| 106 | @ar | |
| 200 | 1 | @a地下水非稳定流计算和地下水资源评价@9di xia shui fei wen ding liu ji suan he di xia shui zi yuan ping jia@f张蔚榛编著 |
| 210 | @a武汉@c武汉大学出版社@d2013 | |
| 215 | @a899页@d24cm | |
| 225 | 2 | @a武汉大学百年名典 |
| 330 | @a本书主要介绍了地下水非稳定流理论及其应用,和目前国内外一些用非稳定流理论进行地下水资源评价方面的科研成果。本书依次介绍了单井抽水时地下水非稳定流计算、群井抽水时地下水非稳定流计算等内容。 | |
| 461 | 0 | @12001 @a武汉大学百年名典@1035 @a(A100000NLC)003391147 |
| 606 | 0 | @a地下水均衡@x计算 |
| 606 | 0 | @a地下水资源@x资源评价 |
| 606 | 0 | @a地下水均衡 |
| 606 | 0 | @a计算 |
| 606 | 0 | @a资源评价 |
| 690 | @aP641.2@v5 | |
| 690 | @aP641.8@v5 | |
| 701 | 0 | @a张蔚榛@9zhang wei zhen@f(1923~2012)@4编著 |
| 801 | 0 | @aCN@bNLC@c20131224 |
| 905 | @b847397-99@dP641.2@e53@f3 | |
| 地下水非稳定流计算和地下水资源评价/张蔚榛编著.-武汉:武汉大学出版社,2013 |
| 899页;24cm.-(武汉大学百年名典) |
| ISBN 978-7-307-11327-5(精装):CNY126.00 |
| 本书主要介绍了地下水非稳定流理论及其应用,和目前国内外一些用非稳定流理论进行地下水资源评价方面的科研成果。本书依次介绍了单井抽水时地下水非稳定流计算、群井抽水时地下水非稳定流计算等内容。 |
| ● |
| 相关链接 |
|
|
|
|
正题名:地下水非稳定流计算和地下水资源评价
索取号:P641.2/53
 
预约/预借
| 序号 | 登录号 | 条形码 | 馆藏地/架位号 | 状态 | 备注 |
| 1 | 847397 | 208473971 | 第二样本阅览室/ [索取号:P641.2/53] | 在馆 | |
| 2 | 847398 | 208473980 | 第三借阅区/ [索取号:P641.2/53] | 在馆 | |
| 3 | 847399 | 208473999 | 密集书库-资源管理系/ [索取号:P641.2/53] | 在馆 |